|
|
|
|
| LEADER |
00736nab#a2200301#ar4500 |
| 001 |
000115413 |
| 003 |
SVKKK |
| 005 |
20150512101601.0 |
| 008 |
130826c1993 xo |||||||||||||||b|slo |
| FMT |
|
|
|
| 038 |
|
|
|a SVKKK
|
| 040 |
|
|
|a SVKKK
|b slo
|e AACR2
|
| 041 |
0 |
|
|a slo
|
| 044 |
|
|
|a xo
|c SK
|
| 080 |
|
|
|a 616.9
|x (437.6)
|2 2008
|
| 100 |
1 |
|
|a Sedláčik, Ľubomír
|4 aut
|
| 245 |
1 |
0 |
|a Košice bez svätenej vody
|c Ľubomír Sedláčik
|
| 300 |
|
|
|b Obr.
|
| 650 |
0 |
4 |
|a hepatitída typu A
|x žltačka
|x epidémia
|
| 651 |
|
4 |
|a Košice (Slovensko)
|
| 655 |
# |
4 |
|a retrokonverzie
|
| 773 |
0 |
|
|t Nový čas
|g Roč. 3, č. 297 (21.12.1993), s. 7
|
| 958 |
|
|
|a RK
|
| 974 |
|
|
|a MI
|
| 992 |
|
|
|a RBX
|
| BAS |
|
|
|
| 852 |
|
|
|a SVKKK
|b BIB
|
| 998 |
|
|
|a REG
|